| 000 | 00594nam a2200193Ia 4500 | ||
|---|---|---|---|
| 005 | 20260114185657.0 | ||
| 008 | 008 260114s9999 xx 000 0 eng d | ||
| 020 | _a9781472599346 | ||
| 037 | _aEBOOK | ||
| 040 |
_aCRL _beng _cCRL |
||
| 041 |
_aeng _2eng |
||
| 084 | _qCRL | ||
| 100 |
_aP. G. Maxwell-Stuart _9873022 |
||
| 245 | 0 | _aWitch Beliefs and Witch Trials in the Middle Ages Documents and Readings | |
| 260 |
_bBloomsbury _c2011 |
||
| 856 | _uhttps://doi.org/10.5040/9781472599346?locatt=label:secondary_bloomsburyCollections | ||
| 942 | _cEBOOK | ||
| 999 |
_c1471970 _d1471970 |
||